[Event "SR 2. liga A 2008/2009"]
[Site "?"]
[Date "2008.10.11"]
[Round "1.5"]
[White "Padysak, Tomas"]
[Black "Slapak, Zdenek"]
[Result "0-1"]
[WhiteElo "1941"]
[BlackElo "2173"]
[PlyCount "130"]
[EventDate "2008.??.??"]

1. e4 c5 2. Nf3 Nc6 3. d4 cxd4 4. Nxd4 e5 5. Nb5 a6 6. Nd6+ Bxd6 7. Qxd6 Qf6 8.
Qxf6 Nxf6 9. Nc3 Nb4 10. Bd3 h6 11. a3 Nxd3+ 12. cxd3 d6 13. f3 Be6 14. Bd2 O-O
15. Rc1 Rfd8 16. Ne2 d5 17. Bc3 Nd7 18. b4 d4 19. Bd2 Rac8 20. Kf2 Bb3 21. Rxc8
Rxc8 22. Rc1 Nb6 23. Rxc8+ Nxc8 24. Ng3 Nd6 25. Ke2 Nb5 26. Bc1 Nc3+ 27. Kd2 g6
28. Nh1 Kf8 29. Nf2 h5 30. Bb2 Nb5 31. Nh1 Ke7 32. Ng3 Kd6 33. Nf1 f6 34. Kc1
Kc6 35. Nd2 Be6 36. Kc2 Nd6 37. Nb3 b6 38. Bc1 Kb5 39. Nd2 Ka4 40. Bb2 a5 41.
bxa5 Kxa5 42. Bc1 Ka4 43. Kb2 g5 44. Nb1 Nf7 45. Nd2 Nd6 46. Nb1 Bd7 47. Bd2
Nb7 48. Bb4 Nc5 49. Bxc5 bxc5 50. Nd2 Be6 51. Nb1 c4 52. dxc4 Bxc4 53. Nd2 Be2
54. Nb3 Kb5 55. a4+ Kxa4 56. Nc5+ Kb4 57. Nb3 Kc4 58. Nd2+ Kd3 59. Kc1 Ke3 60.
Nb3 d3 61. Nd2 Kf2 62. Nc4 Kxg2 63. Ne3+ Kxf3 64. Nd5 Kxe4 65. Nxf6+ Kd4 0-1

[Event "SR 2. liga A 2008/2009"]
[Site "?"]
[Date "2008.10.11"]
[Round "1.5"]
[White "Peitl, Tomas"]
[Black "Farkas, Vladimir"]
[Result "1-0"]
[WhiteElo "2033"]
[BlackElo "2035"]
[PlyCount "51"]
[EventDate "2008.??.??"]

1. e4 d6 2. d4 Nf6 3. Nc3 g6 4. f4 Bg7 5. Nf3 O-O 6. e5 dxe5 7. fxe5 Nd5 8. Ne4
f5 9. Neg5 c6 10. h4 h5 11. c4 Nc7 12. Qb3 e6 13. Be3 b6 14. Nh3 Bd7 15. Nf4
Be8 16. Rd1 Bf7 17. Ng5 Qe7 18. Be2 Nba6 19. a3 Rfd8 20. Bf3 Qe8 21. Nxf7 Kxf7
22. Nxh5 b5 23. Nxg7 Kxg7 24. Bg5 Rdb8 25. Bf6+ Kg8 26. Qe3 1-0

[Event "SR 2. liga A 2008/2009"]
[Site "?"]
[Date "2008.10.11"]
[Round "1.5"]
[White "Skara, Vladimir"]
[Black "Hecko, Dusan"]
[Result "1-0"]
[WhiteElo "2097"]
[BlackElo "2160"]
[Annotator "Fritz 9 (20s)"]
[PlyCount "127"]
[EventDate "2008.??.??"]

{B03: Alekhine's Defence: Four Pawns Attack} 1. e4 Nf6 2. e5 Nd5 3. d4 d6 4. c4
Nb6 5. f4 Bf5 6. Nf3 e6 7. Nc3 dxe5 8. fxe5 Bb4 9. Be2 c5 10. Bg5 Qd7 11. O-O (
{kniz. Fritz} 11. Qd2 Nc6 12. a3 Bxc3 13. bxc3 Na5 14. Rd1 h6 15. dxc5 Qxd2+
16. Bxd2 Nbxc4 $15) 11... cxd4 12. Nxd4 Bc5 13. Be3 Bxd4 (13... Bg6 14. Nf5
Bxe3+ 15. Nxe3 Qxd1 16. Raxd1 $11 (16. Nexd1 $143 N8d7 $15) (16. Bxd1 $143 N8d7
$15) (16. Ncxd1 $143 Nc6 $15)) 14. Bxd4 $16 Bc2 (14... Nc6 15. Nb5 O-O 16. Nd6
$16) 15. Qd2 $18 Nc6 16. Nb5 O-O 17. Nd6 Nxd4 18. Qxd4 Nc8 19. Rac1 Bg6 20. c5
Ne7 21. b4 a6 (21... b6 22. Bf3 bxc5 23. Qxc5 Rab8 $16) 22. Bf3 Nc6 23. Qc3 Qe7
24. a4 Rab8 25. b5 axb5 26. axb5 Na7 27. Qa5 Nc8 28. Rfd1 f6 (28... b6 29. Nxc8
Rfxc8 30. cxb6 Rxc1 31. Rxc1 $18) 29. c6 (29. Bxb7 Rxb7 30. Nxb7 Qxb7 $18)
29... bxc6 30. bxc6 fxe5 31. c7 Nxd6 32. Qxe5 $4 {ignoruje lahku cestu k vyhre}
(32. cxb8=R $142 Rxb8 33. Rc7 $18) 32... Rb6 $15 33. Qc5 Nc8 34. Qxe7 Nxe7 35.
Rd8 Rb1 $2 {vyhru zahadzuje pre zmenu cierny} (35... Nc8 $5 $17) 36. Rxb1 $11
Bxb1 37. Bb7 Bf5 38. Rd7 Kf7 39. c8=Q Rxc8 40. Bxc8 Kf6 $2 (40... Ke8 $5 {
viedlo k rychlej remize} 41. Rc7 Kd8 42. Rd7+ Ke8 $11) 41. Bb7 $14 g5 42. Kf2
h5 43. Ke3 Ng6 44. Rc7 Ne5 45. h3 h4 46. Be4 Bxe4 $2 {prehravajuci tah} (46...
Ng6 47. Bxf5 exf5 48. Rc6+ Kf7 $14) 47. Kxe4 Ng6 48. Rc5 Nf4 49. Rc2 Ng6 50.
Rf2+ Kg7 51. Rf1 Kh6 $2 (51... Nf4 52. Ke5 Kf7 53. Rf2 $16 (53. Rxf4+ gxf4 54.
Kxf4 Kf6 55. Kg4 Ke5 56. Kxh4 Kf4 $11)) 52. Rf7 e5 53. Kf5 $18 Nf4 54. Rf6+ Kg7
55. Ra6 Nxg2 56. Kxg5 Kf7 57. Kf5 Nf4 58. Ra7+ Kg8 59. Kxe5 Nxh3 60. Ra2 Kh7
61. Kf5 Ng1 62. Kg4 h3 63. Kg3 Kg6 64. Rf2 1-0

[Event "SR 2. liga A 2008/2009"]
[Site "?"]
[Date "2008.10.11"]
[Round "1.5"]
[White "Tomanek, Rafael"]
[Black "Peska, Juraj"]
[Result "1-0"]
[WhiteElo "1979"]
[BlackElo "1960"]
[PlyCount "99"]
[EventDate "2008.??.??"]

1. d4 Nf6 2. Nf3 e6 3. c4 d5 4. Nc3 Be7 5. Bg5 O-O 6. e3 b6 7. cxd5 Nxd5 8.
Bxe7 Qxe7 9. Nxd5 exd5 10. Bd3 Bg4 11. Qc2 h6 12. Ne5 Be6 13. O-O c5 14. dxc5
Qxc5 15. Qxc5 bxc5 16. Rfc1 Rc8 17. b3 Nd7 18. Nxd7 Bxd7 19. Rc2 d4 20. Rac1
Rd8 21. exd4 cxd4 22. Rc7 Be6 23. Kf1 a5 24. Bc4 a4 25. Bxe6 fxe6 26. b4 a3 27.
Ke2 Rab8 28. Rb1 Rdc8 29. Rxc8+ Rxc8 30. Kd3 e5 31. Rb3 Rb8 32. b5 Kf7 33. Kc4
Ke6 34. Rxa3 Rc8+ 35. Kd3 Kd5 36. Rb3 e4+ 37. Kd2 Ra8 38. Rb2 Kc5 39. b6 Rb8
40. b7 Kc6 41. f3 e3+ 42. Kd3 Kc5 43. g3 h5 44. f4 g6 45. h3 Kd5 46. Rb5+ Kc6
47. a4 Kd6 48. g4 hxg4 49. hxg4 Ke6 50. a5 1-0

[Event "SR 2. liga A 2008/2009"]
[Site "?"]
[Date "2008.10.11"]
[Round "1.6"]
[White "Curidlo, Jan"]
[Black "Slovik, Vojtech"]
[Result "0-1"]
[WhiteElo "1979"]
[BlackElo "1779"]
[PlyCount "144"]
[EventDate "2008.??.??"]

1. e4 e6 2. d4 d5 3. Nd2 Nf6 4. e5 Nfd7 5. Bd3 c5 6. c3 Nc6 7. Ndf3 cxd4 8.
cxd4 f6 9. exf6 Nxf6 10. Ne2 Bd6 11. a3 a5 12. O-O O-O 13. h3 e5 14. dxe5 Nxe5
15. Nxe5 Bxe5 16. Rb1 Qd6 17. f4 Qb6+ 18. Kh1 Bd6 19. Rf3 Re8 20. Bd2 Ne4 21.
Be1 Bf5 22. g4 Bg6 23. Bc2 Kh8 24. Kg2 Rac8 25. f5 Bf7 26. Ba4 Re7 27. Nc3 d4
28. Nxe4 Rxe4 29. Bf2 Bd5 30. Kg1 Re3 31. Bxe3 Bxf3 32. Qxf3 dxe3 33. Kg2 Bxa3
34. f6 Bc5 35. f7 Rd8 36. h4 Rd2+ 37. Kh3 Rf2 38. Qd5 Qd6 39. Qxd6 Bxd6 40. g5
Rf3+ 41. Kg2 Rf2+ 42. Kh3 Rxf7 43. Bb5 Rf3+ 44. Kg4 Rf4+ 45. Kh3 Kg8 46. b3 Kf7
47. Bc4+ Ke7 48. Bd3 Rf2 49. Re1 Bc5 50. Bxh7 Ke6 51. Be4 b6 52. h5 Ke5 53. Bd3
Kd4 54. Bb5 Bb4 55. Rd1+ Rd2 56. Rg1 Bd6 57. Kg4 Ke4 58. h6 gxh6 59. gxh6 e2
60. Re1 Ke3 61. Rh1 Kf2 62. h7 Be5 63. Bxe2 Kxe2 64. h8=Q Bxh8 65. Rxh8 Rd6 66.
Rc8 Rd3 67. b4 Rd4+ 68. Kf5 Rxb4 69. Ke5 a4 70. Kd5 Kd3 71. Rc1 a3 72. Ra1 Rb3
0-1

[Event "SR 2. liga A 2008/2009"]
[Site "?"]
[Date "2008.10.11"]
[Round "1.6"]
[White "Kollarik, Gorazd"]
[Black "Michalko, Peter"]
[Result "1/2-1/2"]
[WhiteElo "1941"]
[BlackElo "1782"]
[PlyCount "74"]
[EventDate "2008.??.??"]

1. e4 e5 2. Nf3 Nc6 3. Bc4 Nf6 4. d3 Be7 5. Nc3 d6 6. Nd5 Nxd5 7. Bxd5 Na5 8.
Bd2 c6 9. Bb3 Nxb3 10. axb3 O-O 11. Be3 a6 12. Qd2 Qc7 13. Qa5 Qxa5+ 14. Rxa5
d5 15. Bc5 Bxc5 16. Rxc5 dxe4 17. dxe4 f6 18. h3 Be6 19. Ke2 Rfd8 20. Rd1 Rxd1
21. Kxd1 Rd8+ 22. Ke2 Rd6 23. Rc3 b6 24. Rd3 Rxd3 25. Kxd3 c5 26. Nd2 b5 27. c4
Kf7 28. Nf1 g6 29. Ne3 Bc8 30. f3 Bb7 31. g4 Ke6 32. Kc3 b4+ 33. Kd3 Kd6 34.
Nd5 Ke6 35. Nc7+ Kd6 36. Nd5 Ke6 37. Nc7+ Kd6 1/2-1/2

[Event "SR 2. liga A 2008/2009"]
[Site "?"]
[Date "2008.10.11"]
[Round "1.6"]
[White "Milanov, Jasen"]
[Black "Bury, Rastislav"]
[Result "1-0"]
[WhiteElo "1952"]
[BlackElo "2088"]
[PlyCount "97"]
[EventDate "2008.??.??"]

1. c4 Nf6 2. Nc3 e5 3. g3 Bb4 4. Bg2 O-O 5. e4 d6 6. Nge2 Bg4 7. h3 Be6 8. Nd5
Ba5 9. O-O Nbd7 10. d3 Rb8 11. Be3 Bxd5 12. cxd5 c5 13. f4 b5 14. b3 Rc8 15.
Rc1 Bb6 16. Bf2 a5 17. a4 bxa4 18. bxa4 Ba7 19. Nc3 Qb6 20. Nb5 Qa6 21. Bf3 Rb8
22. Rb1 Rfc8 23. Qc2 Rd8 24. Rb2 Ne8 25. f5 f6 26. Rfb1 Rb6 27. Be2 Rdb8 28.
Qc4 R8b7 29. Nxd6 Rxb2 30. Rxb2 Qxc4 31. Nxc4 Rxb2 32. Nxb2 Nd6 33. Bd1 Kf7 34.
Kf1 Ke7 35. Ke2 g6 36. g4 g5 37. Bb3 Kd8 38. Be1 Bb6 39. Bc4 Kc7 40. Kd2 Kb7
41. Kc2 Bc7 42. h4 h6 43. h5 Nb6 44. Bf2 Ndxc4 45. Nxc4 Nd7 46. Na3 Bd6 47. Nb5
Bf8 48. Be1 Nb8 49. Na3 1-0

[Event "SR 2. liga A 2008/2009"]
[Site "?"]
[Date "2008.10.11"]
[Round "1.6"]
[White "Puchart, Vladimir"]
[Black "Syrovy, Ivan"]
[Result "0-1"]
[WhiteElo "2024"]
[BlackElo "2097"]
[PlyCount "98"]
[EventDate "2008.??.??"]

1. d4 d6 2. c4 Nd7 3. Nc3 e5 4. Nf3 Ngf6 5. g3 Be7 6. Bg2 O-O 7. O-O c6 8. e4
Qc7 9. h3 Re8 10. Be3 a5 11. Kh2 Bf8 12. Rc1 exd4 13. Nxd4 Nc5 14. Qc2 Bd7 15.
Rfe1 Re5 16. Rcd1 Rh5 17. Bf4 g5 18. Bc1 Ng4+ 19. Kg1 Ne5 20. g4 Nxg4 21. hxg4
Bxg4 22. Nf5 Ne6 23. f3 Bxf5 24. exf5 Nc5 25. Ne4 Nxe4 26. Rxe4 Bg7 27. Rde1
Be5 28. Be3 f6 29. f4 gxf4 30. Bxf4 Qg7 31. Qe2 Rxf5 32. Bxe5 fxe5 33. Rg4 Rg5
34. Rxg5 Qxg5 35. Qe3 Qg4 36. Qe4 Qxe4 37. Bxe4 Rf8 38. Rf1 h6 39. Rxf8+ Kxf8
40. Kf2 Ke7 41. Kg3 Ke6 42. Kg4 d5 43. Bc2 dxc4 44. Be4 Kd6 45. Kf5 b5 46. Bg2
a4 47. Be4 b4 48. Bf3 c3 49. Be4 cxb2 0-1

[Event "SR 2. liga A 2008/2009"]
[Site "?"]
[Date "2008.10.11"]
[Round "1.6"]
[White "Vach, Pavol"]
[Black "Kundrak, Vladimir"]
[Result "1/2-1/2"]
[WhiteElo "2104"]
[BlackElo "1942"]
[PlyCount "108"]
[EventDate "2008.??.??"]

1. d4 d5 2. c4 e6 3. Nc3 c6 4. Nf3 dxc4 5. a4 Bb4 6. e4 b5 7. Be2 a5 8. O-O Ba6
9. Qc2 Nf6 10. Bg5 Qb6 11. e5 Nd5 12. Ne4 Nd7 13. Rfd1 h6 14. Bd2 Be7 15. axb5
cxb5 16. Bxa5 Qc6 17. Bd2 N7b6 18. Rdc1 b4 19. b3 Nc3 20. Nxc3 bxc3 21. Qxc3
Nd5 22. Qc2 c3 23. Rxa6 Rxa6 24. Bxa6 Qxa6 25. Bxc3 O-O 26. Bd2 Rb8 27. h3 Qb7
28. Rb1 Qa6 29. Ne1 Rc8 30. Qb2 Rb8 31. Nc2 Qd3 32. Ne3 Nf4 33. b4 Ne2+ 34. Kh1
Nxd4 35. Be1 Nb5 36. Rd1 Qe4 37. Rd7 Bg5 38. Qe2 Qxe5 39. Qf3 Qf6 40. Qxf6 Bxf6
41. Bd2 Bc3 42. Bxc3 Nxc3 43. Rd4 Nd5 44. Nxd5 exd5 45. Kg1 Kf8 46. Kf1 Ke7 47.
Ke2 Kd6 48. Kd3 Rc8 49. Kd2 g6 50. Rd3 Rc4 51. Rb3 Kc6 52. b5+ Kb6 53. Kd3 Ra4
54. Rb2 Rc4 1/2-1/2

[Event "SR 2. liga A 2008/2009"]
[Site "?"]
[Date "2008.10.11"]
[Round "1.6"]
[White "Vinarcik, Jan"]
[Black "Kolesar, Rastislav"]
[Result "1/2-1/2"]
[WhiteElo "2002"]
[BlackElo "1978"]
[PlyCount "106"]
[EventDate "2008.??.??"]

1. e4 c6 2. d3 d5 3. Nc3 e5 4. Nf3 d4 5. Ne2 f6 6. h3 Be6 7. Nh2 g5 8. Ng3 Ne7
9. Be2 Ng6 10. Bh5 Bb4+ 11. Bd2 Bxd2+ 12. Qxd2 Qb6 13. O-O Nd7 14. c3 O-O-O 15.
cxd4 exd4 16. Bg4 Bxg4 17. Nxg4 h5 18. Nh2 Nde5 19. Ne2 g4 20. f4 gxf3 21. Nxf3
Nxf3+ 22. Rxf3 Nh4 23. Rf4 Ng6 24. Rxf6 Rhg8 25. Rf2 Ne5 26. Raf1 Qa6 27. Nc1
Rg3 28. Rf8 Nxd3 29. Rxd8+ Kxd8 30. Qh6 Kc7 31. Qxh5 Kb6 32. Qh8 Qc4 33. Nb3
Rg8 34. Qxd4+ Qxd4+ 35. Nxd4 c5 36. Ne2 Kc6 37. b3 Kb5 38. Rd1 c4 39. Nc3+ Kc5
40. Nd5 b5 41. a4 bxa4 42. bxa4 Kd4 43. Rb1 Rg7 44. Rb8 Kxe4 45. Nc3+ Kd4 46.
Nb5+ Kc5 47. Kh2 a6 48. Rc8+ Kb4 49. Nd6 Nc5 50. Rb8+ Kc3 51. Rc8 Kb4 52. Rb8+
Kc3 53. Rc8 Kb4 1/2-1/2

[Event "SR 2. liga A 2008/2009"]
[Site "?"]
[Date "2008.10.11"]
[Round "1.7"]
[White "Chovanec, Vladimir"]
[Black "Hecht, Tomas"]
[Result "1-0"]
[WhiteElo "2083"]
[BlackElo "1981"]
[PlyCount "87"]
[EventDate "2008.??.??"]

1. Nf3 d5 2. b3 c5 3. Bb2 Bg4 4. e3 Nc6 5. Be2 e6 6. O-O Nf6 7. d4 Bxf3 8. Bxf3
cxd4 9. exd4 Bd6 10. Re1 O-O 11. Nd2 Qc7 12. Nf1 Rad8 13. g3 e5 14. c3 exd4 15.
cxd4 Qa5 16. a3 Bb8 17. Ne3 Rfe8 18. b4 Qb6 19. Nxd5 Rxe1+ 20. Qxe1 Nxd5 21.
Bxd5 Nxd4 22. Rd1 Nc6 23. Bxc6 bxc6 24. Rc1 h6 25. Qc3 f6 26. Qc4+ Kh7 27. Qe4+
Kh8 28. Rxc6 Qb7 29. Re6 Qxe4 30. Rxe4 Kh7 31. Kg2 Kg6 32. h4 Kf7 33. Re2 Rd3
34. f3 Be5 35. Bxe5 fxe5 36. Rxe5 Rxa3 37. Ra5 Rxa5 38. bxa5 Ke6 39. Kf2 Kd5
40. g4 Kc5 41. f4 Kb5 42. f5 Kxa5 43. g5 hxg5 44. hxg5 1-0

[Event "SR 2. liga A 2008/2009"]
[Site "?"]
[Date "2008.10.11"]
[Round "1.7"]
[White "Horvath, Marek"]
[Black "Pericka, Tomas"]
[Result "1-0"]
[WhiteElo "1839"]
[BlackElo "1905"]
[PlyCount "45"]
[EventDate "2008.??.??"]

1. e4 c5 2. Nf3 Nc6 3. d4 cxd4 4. Nxd4 g6 5. Nc3 Bg7 6. Be3 Nf6 7. Bc4 Qa5 8.
O-O O-O 9. Bb3 d6 10. h3 Bd7 11. f4 Rac8 12. Qf3 a6 13. a4 Qh5 14. Nxc6 Bxc6
15. g4 Qa5 16. f5 gxf5 17. Qxf5 Qxf5 18. exf5 Ne4 19. Nxe4 Bxe4 20. c3 Bxc3 21.
bxc3 Rxc3 22. Ra3 Bc2 23. Bxf7+ 1-0

[Event "SR 2. liga A 2008/2009"]
[Site "?"]
[Date "2008.10.11"]
[Round "1.7"]
[White "Obdrzalkova, Anita"]
[Black "Novak, Stanislav"]
[Result "1-0"]
[WhiteElo "2005"]
[BlackElo "1997"]
[PlyCount "59"]
[EventDate "2008.??.??"]

1. d4 d5 2. c4 c6 3. Nf3 Nf6 4. Nc3 Bf5 5. e3 e6 6. Be2 Bb4 7. O-O Bxc3 8. bxc3
Qa5 9. Qb3 Qb6 10. Ba3 Qxb3 11. axb3 Nbd7 12. Rfc1 h6 13. Nd2 Ne4 14. Nxe4 Bxe4
15. cxd5 exd5 16. c4 Nf6 17. f3 Bg6 18. cxd5 Nxd5 19. e4 Nb6 20. d5 Kd7 21.
dxc6+ bxc6 22. Rd1+ Kc7 23. Bd6+ Kd8 24. Bf8+ Ke8 25. Bxg7 Rh7 26. Bd4 Nc8 27.
Ba6 Ne7 28. Bf6 Rb8 29. Bc4 Rb7 30. Rd6 1-0

[Event "SR 2. liga A 2008/2009"]
[Site "?"]
[Date "2008.10.11"]
[Round "1.7"]
[White "Orosi, Peter"]
[Black "Bincik, Pavol"]
[Result "0-1"]
[WhiteElo "1928"]
[BlackElo "1890"]
[PlyCount "48"]
[EventDate "2008.??.??"]

1. d4 d5 2. c4 c6 3. Nc3 Nf6 4. Nf3 dxc4 5. a4 Bf5 6. e3 e6 7. Bxc4 Bb4 8. O-O
O-O 9. h3 c5 10. Qe2 Nc6 11. Rd1 Qa5 12. e4 Bg6 13. e5 Bxc3 14. bxc3 Ne4 15.
Bd3 Nxc3 16. Qe1 Nxd1 17. Qxd1 Nxd4 18. Ng5 Bxd3 19. Qxd3 Qe1+ 20. Kh2 Qxe5+
21. f4 Qf5 22. Ne4 Nb3 23. Rb1 Nxc1 24. Rxc1 Qxf4+ 0-1

[Event "SR 2. liga A 2008/2009"]
[Site "?"]
[Date "2008.10.11"]
[Round "1.7"]
[White "Priam, Stefan"]
[Black "Slamena, Michal"]
[Result "0-1"]
[WhiteElo "1898"]
[BlackElo "1944"]
[PlyCount "112"]
[EventDate "2008.??.??"]

1. d4 Nf6 2. c4 c5 3. d5 b5 4. cxb5 a6 5. bxa6 Bxa6 6. Nc3 d6 7. Nf3 g6 8. g3
Bg7 9. Bg2 Nbd7 10. O-O O-O 11. Re1 Qb6 12. e4 Ng4 13. h3 Nge5 14. Nxe5 Nxe5
15. Bf1 Bxf1 16. Rxf1 Nc4 17. Qc2 e5 18. a4 f5 19. b3 Na5 20. Nb5 f4 21. Bd2
Nb7 22. Rab1 fxg3 23. f3 c4+ 24. Kg2 cxb3 25. Qxb3 Nc5 26. Qc2 Rfc8 27. a5 Qd8
28. Qa2 Nd3 29. Qa3 Nf4+ 30. Bxf4 exf4 31. Rfc1 Rxc1 32. Qxc1 Qxa5 33. Qc2 Be5
34. Qe2 Rc8 35. Rd1 Qb4 36. Na7 Ra8 37. Nc6 Qc3 38. Qd2 Qb3 39. Qe2 Ra2 40. Rd2
Ra1 41. Nxe5 Qb1 42. Rd1 Qxd1 43. Qxd1 Rxd1 44. Nc4 Kg7 45. Nxd6 Kf6 46. Nc4
Rc1 47. e5+ Kg5 48. Nd6 Rc2+ 49. Kg1 Kh4 50. Ne4 h6 51. Kf1 Kxh3 52. Ke1 g2 53.
Nf2+ Rxf2 54. Kxf2 Kh2 55. d6 g1=Q+ 56. Ke2 Qe3+ 0-1

[Event "SR 2. liga A 2008/2009"]
[Site "?"]
[Date "2008.10.11"]
[Round "1.7"]
[White "Srna, Jan"]
[Black "Mosny, Jaroslav"]
[Result "1/2-1/2"]
[WhiteElo "2042"]
[BlackElo "2018"]
[PlyCount "60"]
[EventDate "2008.??.??"]

1. d4 Nf6 2. Bf4 e6 3. Nf3 Be7 4. c3 b6 5. e3 Bb7 6. Nbd2 O-O 7. Bd3 d5 8. Qc2
Nbd7 9. Ne5 c5 10. Be2 Ne4 11. Bf3 Nxd2 12. Qxd2 Nxe5 13. dxe5 Qc7 14. Rd1 Rfd8
15. Qc2 Rac8 16. h4 d4 17. c4 dxe3 18. Rxd8+ Rxd8 19. fxe3 Bxf3 20. gxf3 Qd7
21. Ke2 a6 22. h5 b5 23. b3 b4 24. Rg1 Kh8 25. Ra1 f5 26. Rh1 Kg8 27. Rg1 Kh8
28. Ra1 Kg8 29. Rf1 Qe8 30. Rh1 Qd7 1/2-1/2

[Event "SR 2. liga A 2008/2009"]
[Site "?"]
[Date "2008.10.11"]
[Round "1.8"]
[White "Diviak, Rastislav"]
[Black "Belan, Julius"]
[Result "1-0"]
[WhiteElo "2022"]
[BlackElo "1661"]
[PlyCount "79"]
[EventDate "2008.??.??"]

1. e4 e5 2. Nf3 Nc6 3. Bb5 d6 4. d4 Bd7 5. Nc3 Nf6 6. O-O Be7 7. Re1 O-O 8. h3
exd4 9. Nxd4 Nxd4 10. Qxd4 c6 11. Bc4 h6 12. Bf4 Ne8 13. Rad1 Be6 14. Bb3 Qc7
15. Qd2 Kh7 16. Ne2 Rd8 17. Nd4 Qd7 18. Qd3 Kh8 19. c4 Bf6 20. e5 dxe5 21. Bxe5
Bxe5 22. Rxe5 Nf6 23. Qe3 Rfe8 24. Nxe6 Qxd1+ 25. Bxd1 Rxd1+ 26. Kh2 fxe6 27.
Rxe6 Rxe6 28. Qxe6 Rd7 29. g4 Rd2 30. Qc8+ Kh7 31. Qxb7 Rxf2+ 32. Kg1 Rc2 33.
Qxc6 Rxb2 34. a4 Rb3 35. Kg2 Rc3 36. a5 Ng8 37. Qe4+ Kh8 38. a6 Nf6 39. Qa8+
Kh7 40. Qxa7 1-0

[Event "SR 2. liga A 2008/2009"]
[Site "?"]
[Date "2008.10.11"]
[Round "1.8"]
[White "Jelenciak, Jozef"]
[Black "Ujhelyi, Matus"]
[Result "1/2-1/2"]
[WhiteElo "1938"]
[BlackElo "1926"]
[PlyCount "122"]
[EventDate "2008.??.??"]

1. e4 e6 2. d4 d5 3. Nd2 dxe4 4. Nxe4 Nd7 5. Nf3 Ngf6 6. Ng3 Be7 7. Be2 O-O 8.
O-O b6 9. a4 c5 10. c3 Bb7 11. Qc2 Qc7 12. dxc5 Nxc5 13. Nd4 a6 14. Bf3 Rfd8
15. Bxb7 Nxb7 16. Nf3 Rd7 17. Bg5 Rad8 18. Rad1 h6 19. Be3 Bc5 20. Bxc5 Nxc5
21. Rxd7 Qxd7 22. Ra1 Qd3 23. Qxd3 Nxd3 24. Rd1 Rd7 25. b3 a5 26. Kf1 Kf8 27.
Nd4 Nc5 28. Rb1 Nd5 29. Nb5 Ke7 30. Ne2 Ke8 31. Ned4 Nxc3 32. Nxc3 Rxd4 33. Nb5
Rd3 34. b4 Nxa4 35. bxa5 bxa5 36. Ra1 Nc3 37. Nxc3 Rxc3 38. Rxa5 Rc2 39. Ra7
Rd2 40. Ke1 Rd7 41. Ra5 Ke7 42. Ra8 f6 43. Rb8 e5 44. Rb6 f5 45. Rg6 Kf7 46.
Ra6 Re7 47. Rb6 Re6 48. Rb7+ Kf6 49. Rb8 f4 50. Ke2 Kf5 51. f3 e4 52. fxe4+
Kxe4 53. Rd8 Kf5+ 54. Kf2 Kg4 55. Rf8 g5 56. Rf7 Ra6 57. Rb7 Ra2+ 58. Kf1 h5
59. Rb3 Kh4 60. Rh3+ Kg4 61. Rb3 Rc2 1/2-1/2

[Event "SR 2. liga A 2008/2009"]
[Site "?"]
[Date "2008.10.11"]
[Round "1.8"]
[White "Klimes, Milan"]
[Black "Grich, Juraj"]
[Result "0-1"]
[WhiteElo "1958"]
[BlackElo "1977"]
[PlyCount "52"]
[EventDate "2008.??.??"]

1. c4 e5 2. Nc3 Nf6 3. g3 Bb4 4. Bg2 O-O 5. Nf3 Re8 6. O-O Nc6 7. Nd5 Bc5 8. d3
e4 9. Ng5 exd3 10. exd3 Bd4 11. Nxf6+ Qxf6 12. Qh5 h6 13. Nxf7 Qxf7 14. Bd5 Re6
15. Qxf7+ Kxf7 16. Rb1 Nb4 17. Bxe6+ Kxe6 18. Bf4 d6 19. Rfd1 Kf7 20. a3 Nc6
21. Kg2 Bf5 22. b4 Re8 23. Be3 Bxe3 24. fxe3 Rxe3 25. Rb3 Nd4 26. Rc3 Re2+ 0-1

[Event "SR 2. liga A 2008/2009"]
[Site "?"]
[Date "2008.10.11"]
[Round "1.8"]
[White "Puskas, Miroslav"]
[Black "Pekar, Jozef"]
[Result "0-1"]
[WhiteElo "2001"]
[BlackElo "1907"]
[PlyCount "66"]
[EventDate "2008.??.??"]

1. e4 c6 2. d4 d5 3. e5 Bf5 4. g4 Bg6 5. h4 h5 6. g5 e6 7. Nh3 Bf5 8. Bd3 Bxd3
9. Qxd3 g6 10. O-O Ne7 11. Nf4 Nf5 12. Ng2 Qb6 13. c3 c5 14. dxc5 Bxc5 15. b4
Be7 16. a4 Nc6 17. Bf4 O-O 18. a5 Qc7 19. Re1 Rfd8 20. Na3 a6 21. Nc2 Rac8 22.
Rac1 d4 23. cxd4 Nfxd4 24. Nxd4 Rxd4 25. Qxd4 Nxd4 26. Rxc7 Rxc7 27. Re4 Rc4
28. Kf1 Rxb4 29. Bd2 Rb1+ 30. Be1 Nc6 31. Ke2 Bd8 32. Ne3 Bxa5 33. Bxa5 Nxa5
0-1

[Event "SR 2. liga A 2008/2009"]
[Site "?"]
[Date "2008.10.11"]
[Round "1.8"]
[White "Racik, Marek"]
[Black "Hajek, Lukas"]
[Result "1-0"]
[WhiteElo "1932"]
[BlackElo "1587"]
[PlyCount "79"]
[EventDate "2008.??.??"]

1. Nf3 e6 2. c4 Nf6 3. g3 d5 4. b3 Nc6 5. Bg2 Bc5 6. O-O O-O 7. d4 Be7 8. Nc3
b6 9. Bf4 a6 10. Rc1 Bb7 11. Re1 Qd7 12. Ne5 Qd8 13. cxd5 Nxe5 14. d6 cxd6 15.
Bxb7 Ra7 16. Bg2 Ng6 17. Bd2 d5 18. Rc2 Rc7 19. Bc1 Qc8 20. Bb2 Bb4 21. Qa1 Rc6
22. Rec1 Qc7 23. Nxd5 Nxd5 24. Rxc6 Qb7 25. e4 Nde7 26. Rc7 Qb8 27. d5 Bc5 28.
R7xc5 bxc5 29. Bxg7 Rc8 30. dxe6 Rc6 31. exf7+ Kxf7 32. Bf1 Qb4 33. Bc4+ Ke8
34. Rd1 Qb7 35. Qc3 Qb6 36. Qd3 Qc7 37. Qf3 Nc8 38. e5 Rb6 39. Qd5 Qxg7 40.
Qd8# 1-0

[Event "SR 2. liga A 2008/2009"]
[Site "?"]
[Date "2008.10.12"]
[Round "2.1"]
[White "Cvicela, Anton"]
[Black "Schwarz, Dusan"]
[Result "1-0"]
[WhiteElo "2217"]
[BlackElo "2338"]
[PlyCount "89"]
[EventDate "2008.??.??"]

1. e4 e5 2. Nf3 Nc6 3. Nc3 Nf6 4. d4 exd4 5. Nd5 Be7 6. Bf4 d6 7. Nxd4 Nxd5 8.
exd5 Nxd4 9. Qxd4 O-O 10. O-O-O Bf6 11. Qd2 c5 12. h4 b5 13. Bg5 h6 14. f4 c4
15. Bxf6 Qxf6 16. Be2 c3 17. bxc3 b4 18. Qd4 bxc3 19. Qxf6 gxf6 20. Rd3 Bb7 21.
Rxc3 Bxd5 22. Rd1 Bxa2 23. Rxd6 Be6 24. f5 Bxf5 25. Rxf6 Be4 26. Rxh6 Bg6 27.
Rg3 Kg7 28. Rh5 Rh8 29. Rxh8 Kxh8 30. Bd3 Bxd3 31. cxd3 Rd8 32. Kc2 a5 33. Rg4
f5 34. Rg5 Rd4 35. Rxf5 Rxh4 36. Rxa5 Rg4 37. Rf5 Rxg2+ 38. Kc3 Rg7 39. d4 Rc7+
40. Kb4 Kg7 41. d5 Kg6 42. Rf1 Rc2 43. d6 Rd2 44. Kc5 Kg7 45. Kc6 1-0

[Event "SR 2. liga A 2008/2009"]
[Site "?"]
[Date "2008.10.12"]
[Round "2.1"]
[White "Doucha, Ludvik"]
[Black "Petrik, Tomas"]
[Result "0-1"]
[WhiteElo "2080"]
[BlackElo "2487"]
[PlyCount "74"]
[EventDate "2008.??.??"]

1. e4 c5 2. c4 Nc6 3. Ne2 g6 4. d4 cxd4 5. Nxd4 Bg7 6. Be3 Nf6 7. Nc3 O-O 8.
Be2 d6 9. O-O Bd7 10. Qd2 Nxd4 11. Bxd4 Bc6 12. f3 a5 13. Rfd1 Nd7 14. Be3 Nc5
15. b3 Qb6 16. Rab1 Qb4 17. Rdc1 a4 18. Nd5 Qxd2 19. Nxe7+ Kh8 20. Bxd2 axb3
21. axb3 Ra2 22. Rd1 Bxe4 23. fxe4 Nxe4 24. Bb4 Rxe2 25. Nd5 Be5 26. Nb6 Re8
27. Rd3 f5 28. Re1 Rxe1+ 29. Bxe1 Nc5 30. Rd1 Nxb3 31. Bf2 Nc5 32. Bxc5 dxc5
33. Rd7 Bd4+ 34. Kf1 Re4 35. g3 Re3 36. Rxb7 Rf3+ 37. Ke1 Rf2 0-1

[Event "SR 2. liga A 2008/2009"]
[Site "?"]
[Date "2008.10.12"]
[Round "2.1"]
[White "Frindt, Kornel"]
[Black "Rohacek, Miroslav"]
[Result "0-1"]
[WhiteElo "2151"]
[BlackElo "2215"]
[PlyCount "132"]
[EventDate "2008.??.??"]

1. Nf3 d5 2. d4 Nf6 3. Bf4 c5 4. c4 dxc4 5. Qa4+ Bd7 6. Qxc4 cxd4 7. Ne5 e6 8.
Nd2 Na6 9. a3 Qb6 10. b4 Rc8 11. Nxd7 Kxd7 12. Qa2 Bd6 13. e3 Bxf4 14. exf4
Rhd8 15. Nc4 Qc7 16. g3 Ke7 17. Bd3 b5 18. Ne5 Qc3+ 19. Ke2 Rd5 20. Rhd1 Nb8
21. Rd2 Qc7 22. Rc2 Qb7 23. Rxc8 Qxc8 24. Qb2 Qb7 25. Rc1 Rd6 26. Nf3 Nc6 27.
Rc5 a6 28. Ne5 Nb8 29. Qc2 Nfd7 30. Rc7 Qb6 31. Be4 f5 32. Bf3 Kf6 33. Nd3 h6
34. h4 g6 35. Rc8 e5 36. fxe5+ Nxe5 37. Nxe5 Kxe5 38. Kd3 Kf6 39. Rf8+ Kg7 40.
Qc8 Nd7 41. Rg8+ Kf6 42. Kd2 d3 43. Qc3+ Qd4 44. Qxd4+ Rxd4 45. Ra8 Rd6 46. Bb7
Nb6 47. Rxa6 Ke5 48. Kd1 Kd4 49. Ra5 Na4 50. Kd2 Re6 51. Bf3 Nc3 52. Ra8 Nb1+
53. Kd1 Kc3 54. Rc8+ Kb2 55. Rd8 d2 56. Be2 Nc3+ 57. Kxd2 Rxe2+ 58. Kd3 Rxf2
59. Rc8 Rf3+ 60. Kd2 Rxg3 61. Rc6 Ne4+ 62. Ke2 Kxa3 63. h5 gxh5 64. Rxh6 Rc3
65. Kd1 Ng3 66. Kd2 Kxb4 0-1

[Event "SR 2. liga A 2008/2009"]
[Site "?"]
[Date "2008.10.12"]
[Round "2.1"]
[White "Gasa, Andrej"]
[Black "Tibensky, Robert"]
[Result "1/2-1/2"]
[WhiteElo "2201"]
[BlackElo "2391"]
[PlyCount "46"]
[EventDate "2008.??.??"]

1. e4 e6 2. d4 d5 3. Nd2 a6 4. Ngf3 c5 5. c3 Nc6 6. dxc5 Bxc5 7. Bd3 Nge7 8.
O-O O-O 9. Qe2 Ng6 10. Nb3 Bd6 11. h3 Bd7 12. Be3 Nce5 13. Rfd1 Nxd3 14. Qxd3
Bb5 15. Qc2 dxe4 16. Qxe4 Qc7 17. Rxd6 Qxd6 18. Bc5 Qc7 19. Bxf8 Rxf8 20. Rd1
Bc4 21. Qe3 Rc8 22. Nc1 Bd5 23. a3 h6 1/2-1/2